000
00352nam a2200157Ia 4500
003
OSt
005
20240311143724.0
008
170523s9999 xx 000 0 und d
020
_a
978-9332542228
040
_c
iimtu meerut
100
_a
ROBBINS- SP
245
0
_a
ORGANISATIONAL BEHAVIOR
260
_b
PEARSON EDU
260
_c
2003
942
_2
ddc
_c
02
999
_c
1395
_d
1395